000 00705nam a2200289Ia 4500
005 20260324133551.0
008 008 260324s9999 xx 000 0 eng d
020 _a9781410609663
037 _aEBOOK
040 _aCRL
040 _beng
040 _cCRL
041 _2eng
041 _aeng
084 _qCRL
100 _aErik P. Bucy; John E. Newhagen
_91193578
245 0 _aMedia Access
245 0 _bSocial and Psychological Dimensions of New Technology Use
260 _bTaylor and Francis
260 _c2003
365 _a
365 _b230
856 _uhttp://www.taylorfrancis.com/books/9781410609663
942 _cEBOOK
999 _c1792747
_d1792747